000 00469nam a2200157Ia 4500
008 240729s9999 xx 000 0 und d
022 _a2459-3842
245 0 _aConatus - Journal of Philosophy
260 _aGreece
260 _bThe NKUA Applied Philosophy Research Laboratory
650 _a Philosophy (General)
650 _aPhilosophy. Psychology. Religion
856 _uhttps://doaj.org/toc/af144745e2be44ccbefe2f902c6ee34a
942 _2ddc
942 _cDOAJEJ
999 _c66425
_d66425
945 _a1
_bMadushi Gamage
_c1
_dMadushi Gamage